[Event "Lee Cup 4th"]
[Site "Beijing"]
[Date "1997.08.27"]
[Round "4"]
[White "Liang, Chong"]
[Black "Wang, Pin"]
[Result "1-0"]
[WhiteElo "2360"]
[BlackElo "2380"]
[Annotator "Ribli,Z"]
[PlyCount "69"]
[EventDate "1997.08.23"]
[EventType "swiss"]
[EventRounds "11"]
[EventCountry "CHN"]
[SourceTitle "CBM 061"]
[Source "ChessBase"]
[SourceDate "1997.11.23"]
[SourceVersion "1"]
[SourceVersionDate "1997.11.23"]
[SourceQuality "1"]

1. c4 e5 2. Nc3 f5 3. d4 e4 (3... exd4 4. Qxd4 Nc6 5. Qe3+ Kf7 6. Nf3 Nf6 7.
Nd5 Nb4 8. Qb3 Nbxd5 9. cxd5 Bd6 10. Ng5+ Kg8 11. g3 Qe7 12. Bg2 h6 13. Nf3
Bb4+ 14. Kf1 Kh7 15. Bf4 c6 16. Nd4 Re8 17. e3 Ne4 18. Bxe4 Qxe4 19. f3 Qxd5
20. Qxb4 g5 21. Qd6 gxf4 22. Qxd5 cxd5 23. exf4 $16 {Azmaiparashvili,
Z-Westerinen,H/Oviedo rapid45 1992/1-0 (39)}) 4. h4 {Ein guter positioneller
Zug, der dem Springer das Feld f4 bereitet.Ribli.} (4. f3 Bb4 5. Nh3 Nf6 6. Bd2
Qe7 7. e3 O-O 8. Qb3 Bxc3 9. Qxc3 d6 10. O-O-O Re8 11. Be2 Nbd7 12. Nf2 Nf8 13.
f4 d5 14. Rhg1 dxc4 15. Bxc4+ Kh8 16. g4 fxg4 17. h3 $40 {Petursson,
M-Vidarsson,J/Gardabaer ICE-ch 1996/1-0 (70)}) (4. g4 $5 fxg4 (4... g6 5. gxf5
gxf5 6. Nh3 Nf6 7. Bg5 Be7 8. Qd2 h6 9. Bh4 d6 10. Nf4 Rg8 11. f3 Nc6 12. O-O-O
$36 {1-0 Cramling,D-Malmstig,J/Stockholm op 1993 (21)}) 5. Bg2 Nf6 6. Bg5 Be7
7. e3 d6 8. h3 gxh3 9. Nxh3 c6 10. Nf4 Bf5 11. Bxf6 Bxf6 12. Bxe4 Bxe4 13. Nxe4
$16 {1-0 Duczynski,P-Novak,R/CZE-chT1a 1995 (33)}) 4... Nf6 (4... Be7 5. g3 (5.
Nd5 $5 Bxh4 $2 6. Rxh4 Qxh4 7. Nxc7+ $16) 5... Nf6 6. Nh3 O-O 7. Nf4 Qe8 8. e3
d6 9. c5 dxc5 10. Bc4+ Kh8 11. h5 Ng8 12. dxc5 Nc6 13. Ncd5 Bd8 14. h6 g5 15.
Nh5 Ne5 $13 {Kalinitschew,S-Slobodjan,R/BL2-N 1993/BL2/0-1 (45)}) 5. Bg5 Be7 6.
e3 d6 7. Nh3 c6 8. Nf4 $14 {[%csl Gf4] Meiner Meinung nach hat Weiß angenehmes
Spiel. Er besitzt Übergewicht im Zentrum und einen guten Stützpunkt für den
Springer auf f4.Ribli.} (8. d5) 8... O-O 9. c5 $6 (9. b4 $14) (9. d5 $14) 9...
d5 (9... dxc5 10. Bc4+ Kh8 (10... Nd5 11. Ncxd5 cxd5 12. Bxd5+ Kh8 13. Qh5 Qe8
14. Bxe7 $18) 11. Ng6+ hxg6 12. h5 $40 Nd5 13. hxg6+ Kg8 14. Rh8+ Kxh8 15. Qh5+
Kg8 16. Qh7#) 10. b4 {Weiß hat großen Raumvorteil, die schwarze Stellung ist
jedoch dank der großen Bauernkette solide.} b6 11. Be2 bxc5 12. bxc5 Qa5 13.
Qd2 Bd8 {Schwarz muß seine stolze Dame verteidigen.Ribli.} (13... Ba6 {
Prinzipiell wäre der Tausch des Läufers gut für Schwarz.Ribli.} 14. Bxf6 Bxf6
15. Nxe4 Qxd2+ 16. Nxd2 $16) 14. O-O (14. Bxf6 Rxf6 (14... Bxf6 15. Nxe4 Qxd2+
16. Nxd2 $14)) 14... Na6 (14... Ba6 $5 15. Bxa6 Nxa6 16. Ne6 Re8 17. Nxd8 Qxd8
18. Rab1 $14) 15. Rfb1 Ng4 16. Rb2 {Weiß verteidigt die Dame - "für alle
Fälle" - und bereitet die Turmverdoppelung vor.Ribli.} Re8 17. Bxd8 Qxd8 (17...
Rxd8 18. Nxe4 Qxd2 19. Nxd2 $16) 18. g3 (18. Bxg4 fxg4 19. g3 {[%csl Gf4]})
18... Nc7 19. Qd1 {[%cal Gd1a4,Ga4c6]} (19. Bxg4 fxg4) (19. Rab1 $14) 19... g5
$13 {Weiß steht positionell besser, aber Schwarz hat taktische Möglichkeiten
am Königsflügel.Ribli.} 20. hxg5 Qxg5 21. Kg2 Kh8 22. Qa4 Bd7 (22... Nxe3+ 23.
fxe3 Rg8 24. Nh5 Qxe3 25. Nd1) 23. Rb7 {[#]} Nxe3+ {Schwarz verteidigt sich
nicht, sondern spielt direkt auf Matt.} 24. fxe3 Rg8 {Der schwarze Angriff
scheint mir nicht ganz korrekt, aber in einer praktischen Partie ist er
gefährlich.Ribli.} 25. g4 $5 (25. Nh5 Be8) 25... Ne6 (25... Qh4 26. Rg1 (26.
Rh1 Rxg4+ 27. Bxg4 Qxg4+ 28. Kf2 Qf3+ 29. Kg1 Rg8+ $19) (26. Qd1 Rxg4+ 27. Bxg4
Rg8 28. Rxc7 Rxg4+ 29. Qxg4 Qxg4+ 30. Kf2 Qf3+) 26... Rxg4+ 27. Bxg4 Qxg4+ 28.
Kf1 Qf3+ 29. Ke1 Qxe3+ 30. Nce2 $18) 26. Rxd7 (26. Nxe6 Bxe6 {[%csl Re3]})
26... Nxf4+ 27. exf4 Qxf4 28. Rxh7+ $1 {Dieses Gegenopfer bremst den schwarzen
Angriff und übernimmt das Kommando.} Kxh7 29. Rh1+ Kg7 30. Qxc6 $18 {[%csl Rg7]
Jetzt befindet sich der schwarze König sich in großer Not.Ribli.} Raf8 (30...
Rad8 31. Nxd5 Qg5 32. Rh5 $18) 31. Nxd5 Qd2 (31... Qg5 32. Nc7 $18 {[%cal
Rc7e6]}) 32. Qc7+ Rf7 (32... Kg6 33. Qh7+ Kg5 34. Qh6#) 33. Qe5+ Kf8 (33... Kg6
34. Ne7+ Rxe7 35. Qxf5+ Kg7 36. Rh7#) 34. Qd6+ Kg7 (34... Ke8 35. Qb8+ Kd7 36.
Qc7+ Ke8 37. Qc8#) 35. Nf4 {Der schwarze König ist im Mattnetz gefangen - Zeit
aufzugeben.Ribli.} 1-0

[Event "Toronto1"]
[Site "Toronto"]
[Date "1990.??.??"]
[Round "1"]
[White "Piasetski, Leon David"]
[Black "Benjamin, Joel"]
[Result "0-1"]
[WhiteElo "2415"]
[BlackElo "2530"]
[Annotator "Ribli,Z"]
[PlyCount "100"]
[EventDate "1990.04.??"]
[EventType "tourn"]
[EventRounds "11"]
[EventCountry "CAN"]
[EventCategory "9"]
[SourceTitle "CBM 020"]
[Source "ChessBase"]
[SourceDate "1991.02.01"]
[SourceVersion "1"]
[SourceVersionDate "1991.02.01"]
[SourceQuality "1"]

1. c4 g6 2. Nc3 Bg7 3. g3 e5 4. Bg2 d6 5. b4 Nf6 (5... c6 6. b5 Ne7 7. e3 Be6
8. Qa4 O-O 9. Ba3 $13 {Ungureanu-Szabo,I Romania ch 1968}) 6. b5 a6 $1 7. a4
axb5 8. cxb5 O-O 9. Nf3 e4 10. Nd4 Nbd7 11. O-O Nc5 12. Ba3 Re8 13. Qc2 Qe7 14.
e3 Qe5 15. f3 exf3 16. Rxf3 Nfe4 17. Nxe4 Qxe4 18. Rxf7 (18. Qxe4 Rxe4) 18...
Qxc2 19. Rxg7+ Kxg7 20. Nxc2 Rxa4 21. Nb4 Kh6 22. Nd5 Nb3 23. Ra2 Nxd2 24. Nxc7
Rxe3 25. Bxd6 Rxa2 26. Bf4+ g5 27. Bxe3 Nc4 28. Bc5 Ra1+ 29. Kf2 Ra2+ 30. Kg1
Ne5 31. Bd4 Ng4 32. h3 Rd2 33. Bb6 Rd1+ 34. Bf1 Nf6 35. g4 Ne4 36. Kg2 Rd2+ 37.
Kf3 Rd6 38. Kxe4 Rxb6 39. Ke5 Bd7 40. Nd5 Re6+ 41. Kd4 Re1 42. Bc4 Be6 43. Kc5
Rc1 44. Nb6 Kg7 45. Kb4 Kf6 46. Bxe6 Kxe6 47. Nc4 Rh1 48. Na5 b6 49. Nc4 Rxh3
50. Nxb6 Rg3 0-1

[Event "Toronto1"]
[Site "Toronto"]
[Date "1990.??.??"]
[Round "6"]
[White "Piasetski, Leon David"]
[Black "Kovacevic, Vlatko"]
[Result "0-1"]
[WhiteElo "2415"]
[BlackElo "2540"]
[Annotator "Ribli,Z"]
[PlyCount "108"]
[EventDate "1990.04.??"]
[EventType "tourn"]
[EventRounds "11"]
[EventCountry "CAN"]
[EventCategory "9"]
[SourceTitle "CBM 020"]
[Source "ChessBase"]
[SourceDate "1991.02.01"]
[SourceVersion "1"]
[SourceVersionDate "1991.02.01"]
[SourceQuality "1"]

1. c4 e5 2. Nc3 f5 3. d4 d6 (3... exd4 4. Qxd4 Nc6 5. Qe3+ {Schussler,
H-Westerinen,H Esboo zt 1989 CBM/14}) 4. g3 Nf6 5. Nf3 (5. dxe5 dxe5 6. Qxd8+
Kxd8 $14) 5... e4 6. Nh4 Be7 7. Bg5 O-O 8. e3 c5 9. Qd2 Nc6 10. O-O-O cxd4 11.
exd4 h6 12. Be3 Kh7 13. Ng2 d5 14. Nf4 dxc4 15. d5 (15. Bxc4 $5) 15... Ne5 16.
d6 Bxd6 17. Qxd6 Nd3+ 18. Rxd3 cxd3 19. Qxd8 Rxd8 20. h4 g6 21. f3 b6 22. Bg2
Bb7 23. fxe4 Bxe4 24. Bxe4 Nxe4 25. Nfd5 Rac8 26. Kb1 Nxg3 27. Rd1 Ne2 28. Rxd3
Nxc3+ 29. bxc3 Kg7 30. Bd4+ Kf7 31. Ne3 h5 32. Nf1 Rxc3 $1 33. Rxc3 Rxd4 34.
Kc2 Rxh4 35. Nd2 Ra4 36. Kb3 b5 37. Nf3 Rf4 38. Rc7+ Ke6 39. Ng5+ Kf6 40. Nh7+
Ke5 41. Re7+ Kd4 42. Rxa7 h4 43. Nf8 Rg4 44. Kb4 f4 45. Ne6+ Kd5 46. Nc5 Rg1
47. Kxb5 Rb1+ 48. Nb3 f3 49. Rd7+ Ke5 50. Rd2 g5 51. Kc4 g4 52. Rd5+ Kf4 53.
Rd4+ Kg3 54. Nd2 Re1 0-1

[Event "NED-ch52"]
[Site "Rotterdam"]
[Date "1997.06.22"]
[Round "2"]
[White "Nikolic, Predrag"]
[Black "Van der Wiel, John"]
[Result "1/2-1/2"]
[WhiteElo "2655"]
[BlackElo "2555"]
[Annotator "Ribli,Z"]
[PlyCount "73"]
[EventDate "1997.06.21"]
[EventType "tourn"]
[EventRounds "11"]
[EventCountry "NED"]
[EventCategory "12"]
[SourceTitle "CBM 060"]
[Source "ChessBase"]
[SourceDate "1997.09.29"]
[SourceVersion "1"]
[SourceVersionDate "1997.09.29"]
[SourceQuality "1"]

1. d4 d6 2. c4 e5 3. Nf3 e4 4. Ng5 f5 5. Nc3 (5. Nh3 c6 6. Nc3 Na6 7. g3 g6 $5
8. Nf4 Nf6 9. h4 Nc7 10. d5 Bd7 11. Bg2 c5 12. f3 Qe7 13. fxe4 fxe4 14. Qc2 Bf5
$13 {Lputian,Sm-Hansen,Cu/Wijk aan Zee/1993/}) 5... c6 6. g3 Be7 7. Nh3 Nf6 (
7... Na6 8. Bg2 Nc7 9. f3 $5 exf3 10. exf3 Bf6 11. Nf4 g6 12. O-O Ne7 13. d5
$14 {Lputian,Sm-Mokry,K/Manila ol/1992/}) 8. d5 (8. Nf4 g5 9. Ng2 h6 10. h4 Rg8
11. Bd2 Qb6 12. e3 Be6 13. b4 Nbd7 14. a4 Qd8 15. a5 Kf8 16. Be2 Kg7 17. Qa4 {
Delemarre,J-Christiansen,L/Antwerp op 1995/0-1 (60)}) (8. Bg2 $5 {Ich empfehle
diesen natürlichen Entwicklungszug, um später in einem guten Moment d4-d5
folgen zu lassen.}) 8... Nbd7 (8... O-O 9. Bg2 Na6 (9... Ng4 10. O-O Bf6 11.
Bd2 Qb6 12. Na4 Qa6 13. Rc1 b5 14. cxb5 cxb5 15. Nc3 b4 16. Na4 Bd7 17. b3 {
1/2-1/2 Avrukh,B-Kanstler,B/Festival Beersheba XVI 1997 (25)}) 10. O-O Kh8 11.
Kh1 Bd7 12. f3 cxd5 13. cxd5 Qb6 14. Nf4 exf3 15. exf3 Rae8 16. Re1 Bd8 17. Ne6
Bxe6 18. dxe6 Nc7 19. Bf4 Rxe6 20. Rxe6 Nxe6 21. Bxd6 Re8 22. Na4 Qf2 {0-1
Overeem,M-Piket,J/Antwerpen op 1996 (39)}) 9. Bg2 Ne5 (9... Nb6 10. Qb3 (10. b3
$2 cxd5 11. cxd5 Nbxd5 $1 12. Nxd5 Qa5+ 13. Bd2 Qxd5 14. Nf4 Qf7 15. Bc3 Bd7
16. Rc1 Rc8 {= Lazarev,V-Gofshtein,L/Oberwart 1993 (16)}) 10... cxd5 11. cxd5
O-O 12. O-O Qc7 13. Rd1 Qc4 14. Be3 Bd7 15. f3 Rfe8 16. Nf2 Bd8 {Dao Thien
Hai-Anka,E/Budapest FS07 GM 1994/1/2-1/2 (57)}) 10. b3 (10. Qb3 Qa5 11. Bf4 Qc5
12. Rc1 Qxc4 13. Nxe4 Qxb3 14. Nxf6+ Bxf6 15. axb3 c5 $15 {Lautier,J-Adams,M/
Biel 1991/1/2-1/2 (58)}) 10... O-O (10... b5 11. cxb5 cxb5 12. a3 Qc7 13. Bb2
Qb7 14. O-O O-O 15. Nf4 Bd7 16. e3 {1/2-1/2 Golod,V-Iordachescu,V/ROM-chT 1994}
) 11. O-O Re8 (11... Kh8 12. f3 $5 Qa5 13. Qd2 cxd5 14. cxd5 Bd8 15. Kh1 Bd7
16. Bb2 Bb6 17. Ng5 e3 18. Qd1 Rae8 19. Rc1 Nf7 20. Ne6 $5 Bxe6 21. dxe6 Rxe6
22. Na4 $44 {Tunik,G-Cseshkovsky,V/Elista RUS-ch/1994/1:0/35/}) (11... Rb8 12.
a4 a5 13. Ba3 Qc7 14. Qd2 Nfd7 15. Rfd1 Nf7 {1-0 Psakhis,L-Anka,E/Metz op 1994
(36)}) (11... c5 12. f3 exf3 13. exf3 a6 14. a4 Ne8 15. Nf4 Nc7 16. a5 Bf6 {
1/2-1/2 Avrukh,B-Nevednichy,V/Biel op 1995 (24)}) 12. f3 {Das ist ein
thematischer Zug. Schwarz muß sein stolzes Bauernzentrum aufgeben, und Weiß
bekommt gute positionelle Angriffspunkte für seine Figuren.} (12. Bb2) 12...
exf3 (12... Qb6+ $6 13. Kh1 e3 14. Na4 {[%csl Re3]}) 13. exf3 Bf8 {Verbessert
die Stellung des Läufers. Nach folgendem g6 und Bg7 spielt der Läufer eine
wichtige Rolle auf der großen Diagonalen. Anderseits ist der Turm auf e8 ist
aktiv und kontrolliert den schwachen Punkt auf e6.} 14. Re1 (14. dxc6 bxc6 $13)
14... Bd7 15. Be3 c5 $1 $11 {Schwarz muß die positionelle Drohung l6.Bd4
verhindern.} 16. Nf4 Nf7 (16... a6 17. a4 Rb8 18. a5 b5 19. axb6 Rxb6 20. Rb1
$14) 17. Qc2 g6 18. Bd2 {[%csl Re6]} (18. Re2 Bg7 19. Rae1) 18... Qc8 19. a4 (
19. Rxe8 Nxe8 (19... Qxe8 $6 20. Re1 Qc8 21. Ne6 {[%csl Ge6]}) 20. Re1 Nc7)
19... Bg7 {[%cal Gg7a1]} 20. Rxe8+ Nxe8 21. Re1 Bd4+ {[%csl Gd4]} 22. Be3 {
Logischerweise möchte Weiß den gefährlichen schwarzen Läufer tauschen.} Bf6 $1
(22... Bxe3+ 23. Rxe3 $14) 23. Ne6 Ng7 $1 (23... Bxe6 24. dxe6 Qxe6 25. f4 $44
{[%csl Rd5][%cal Gg2a8]}) 24. f4 $5 {Ein interessantes vorübergehende
Bauernopfer. Weiss aktiviert alle Figuren.} (24. Nxg7 Kxg7 $11) 24... Nxe6 25.
dxe6 Bxe6 26. Bf2 $44 {[%csl Rd5][%cal Gg2a8,Ge1e8] Weiß hat vollwertige
positionelle Kompensation für den Bauern, aber bei gutem schwarzem Spiel nicht
mehr.} Qd7 $5 27. Bxb7 (27. Nd5 Bg7) 27... Qxb7 28. Rxe6 Bxc3 $8 29. Qxc3 Qd7
30. Re1 (30. Qe3 Ne5 $5 (30... Kf8) 31. Rxe5 dxe5 32. Qxe5 $44 {Weiß hat
Kompensation für die Qualität. Aber seine Königsstellung ist auch schwach.})
30... Re8 $11 {Weiß hat theoretisch die bessere Bauernstruktur, aber die
Stellung ist geschlossen. Daraus folgt, daß der Läufer nicht besser ist als
der Springer.} 31. Qf3 Rxe1+ 32. Bxe1 Nd8 33. a5 (33. Qa8 Kf7 $11) 33... Qc6
34. Qe3 (34. Qd5+ Qxd5 35. cxd5 a6 $11) 34... Kf7 35. b4 a6 36. Qd3 cxb4 37.
Bxb4 {Und hier wurde remis gegeben. Schwarz kann 37...Nb7 spielen mit vollem
Ausgleich.} 1/2-1/2

[Event "EU-Cup 09th final"]
[Site "Hilversum"]
[Date "1993.12.12"]
[Round "3"]
[White "Wiedenkeller, Michael"]
[Black "Mokry, Karel"]
[Result "0-1"]
[WhiteElo "2450"]
[BlackElo "2515"]
[Annotator "Ribli,Z"]
[PlyCount "71"]
[EventDate "1993.12.10"]
[EventType "team-k.o."]
[EventRounds "3"]
[EventCountry "NED"]
[SourceTitle "EXT 2020"]
[Source "ChessBase"]
[SourceDate "2019.10.17"]
[SourceVersion "1"]
[SourceVersionDate "2019.10.17"]
[SourceQuality "1"]
[WhiteTeam "Stockholm Rockaden"]
[BlackTeam "Vienna Margareten Winterthur"]
[WhiteTeamCountry "SWE"]
[BlackTeamCountry "AUT"]

1. d4 d6 2. c4 e5 3. Nf3 e4 4. Ng5 f5 5. Nc3 Be7 6. Nh3 c6 7. g3 Na6 8. Bg2 Nf6
9. O-O O-O 10. d5 (10. f3 $5 {Portisch,L-Gulko,B/Biel izt/1993/CBM37/}) 10...
Nc7 11. f3 cxd5 (11... b5 {Hansen,Cu-Vaganian,R/Ter Apel/1993/CBM35/}) 12. cxd5
b5 13. a3 exf3 14. exf3 Bb7 (14... a5 {Gostisa,L-Supancic,D/Maribor/1990/EXP20/
}) 15. Nf4 a5 16. Re1 (16. Qb3 b4 17. axb4 axb4 18. Rxa8 Qxa8 19. Qxb4 Ncxd5
20. Nfxd5 Nxd5 21. Qb3 Kh8 22. f4 Nxc3 23. Bxb7 Ne2+ 24. Kh1 Nxc1 25. Rxc1 Qa7
$10) 16... Re8 17. Qb3 b4 18. Na4 (18. axb4 $5 axb4 19. Rxa8 Qxa8 20. Qxb4
Ncxd5 $6 (20... g5 $5) 21. Nfxd5 Nxd5 22. Qb3 Kh8 23. f4 $14) 18... g5 19. Nh3
Bxd5 20. Qd3 g4 21. Nf4 gxf3 22. Nxd5 fxg2 23. Nxe7+ Rxe7 24. Bg5 Re4 $1 25.
Rxe4 fxe4 26. Qd4 (26. Qc4+ $5) 26... Ne6 $1 27. Qe3 Nxg5 28. Qxg5+ Kh8 29.
Kxg2 Qe7 30. Rf1 Rf8 31. Nb6 e3 32. Nd5 e2 $1 (32... Nxd5 $2 33. Qxe7 Nxe7 34.
Rxf8+ Kg7 35. Rf4 $18) 33. Rxf6 Qxf6 $1 34. Nxf6 e1=Q 35. Qh6 Rf7 36. Ng4 $4 (
36. Ng4 $4 Qf1#) 0-1

[Event "Prague Bohemians-A"]
[Site "Prague"]
[Date "1990.??.??"]
[Round "?"]
[White "Schmidt, Wlodzimierz"]
[Black "Mainka, Romuald"]
[Result "0-1"]
[WhiteElo "2465"]
[BlackElo "2445"]
[Annotator "Ribli,Z"]
[PlyCount "73"]
[EventDate "1990.01.??"]
[EventType "tourn"]
[EventRounds "13"]
[EventCountry "CZE"]
[EventCategory "8"]
[SourceTitle "CBM 017"]
[Source "ChessBase"]
[SourceDate "1990.08.01"]
[SourceVersion "1"]
[SourceVersionDate "1990.08.01"]
[SourceQuality "1"]

1. c4 e5 2. Nc3 Bb4 3. Qc2 Nf6 4. Nf3 Qe7 {4...Nc6  Cavendisch,J-Howell,J
BCF-ch 1989  CBM/15} 5. e3 O-O 6. a3 Bxc3 7. Qxc3 Nc6 8. b3 d5 9. cxd5 Nxd5 10.
Qc4 Rd8 11. d3 Nb6 12. Qc2 Bf5 13. Nd2 Bg6 14. Be2 Rd5 15. O-O Kh8 16. b4 $6 {
16.Bb2!?} a5 17. bxa5 Nxa5 18. Bb2 Rc5 19. Qd1 {19.Qb1, Na4 20.Rc1, Rb5 21.Rc2,
Rd8 =/+} Rd8 20. e4 f5 21. a4 fxe4 $1 22. Ba3 exd3 23. Bh5 Bxh5 24. Qxh5 Nac4
25. Bxc5 Qxc5 26. Ne4 Qe7 27. f4 Rd4 28. Ng5 g6 29. Qh6 Rxf4 30. g3 Rf5 31.
Rxf5 gxf5 32. Nxh7 Qg7 $1 33. Qh4 Qg4 $1 34. Qd8+ Kxh7 35. Qxd3 Qd4+ 36. Qxd4
exd4 37. Rd1 0-1

[Event "YUG-ch"]
[Site "Kladovo"]
[Date "1990.??.??"]
[Round "?"]
[White "Cvetkovic, Srdjan"]
[Black "Laketic, Gojko"]
[Result "1/2-1/2"]
[WhiteElo "2435"]
[BlackElo "2425"]
[Annotator "Ribli,Z"]
[PlyCount "94"]
[EventDate "1990.02.??"]
[EventType "tourn"]
[EventRounds "15"]
[EventCountry "YUG"]
[EventCategory "9"]
[SourceTitle "CBM 017"]
[Source "ChessBase"]
[SourceDate "1990.08.01"]
[SourceVersion "1"]
[SourceVersionDate "1990.08.01"]
[SourceQuality "1"]

1. c4 e5 2. Nc3 Bb4 3. Qb3 {3.Nd5!?} a5 {3...Nc6 4.Nd5, a5 Hodgson,J-Wolff,P
London WFW 1989  CBM/13 3...Nc6 4.Nd5, Bc5 Miles,A-De la Villa Garcia,J New
York op (3)  CBM/12} 4. a3 Bxc3 5. Qxc3 Nc6 6. Nf3 Qf6 {6...Qe7!? /\ Nf6,d5} 7.
d3 a4 8. g3 Nge7 9. Bg5 Qe6 10. Bg2 O-O 11. O-O d6 12. Bd2 Qg6 13. d4 exd4 14.
Nxd4 Nxd4 15. Qxd4 Nc6 16. Qf4 Re8 17. Bc3 Bg4 {17...Rxe2!? 18.Rfe1, Rxe1 19.
Rxe1, Be6 20.c5 ~/=} 18. e3 Re7 19. h3 Bd7 20. Rad1 Rae8 21. c5 $1 dxc5 22. Rd5
h6 23. Rfd1 Nb8 24. Rxc5 Bc6 25. Bxc6 Nxc6 26. Qg4 {26.Qxa4, Rxe3 27.Qg4! +/=}
Qxg4 27. hxg4 f6 28. Kg2 {28.Rb5, Rb8 29.Rc1 /\ Bxf6,Rxc6} Kf7 29. Rc4 Ra8 30.
Rd5 Ke8 31. Rb5 Ra7 32. Bd4 Nxd4 33. exd4 Kd7 34. Rbb4 Kd6 35. Rxa4 Rxa4 36.
Rxa4 Kd5 37. Kf3 b6 38. b3 Re6 39. Kf4 g6 40. Ra7 Rc6 41. Ra8 Kxd4 42. Rh8 Rc2
43. Kf3 Rc3+ 44. Ke2 Rxb3 45. Rxh6 Rb2+ 46. Ke1 Kd3 47. f4 Ke3 1/2-1/2